000 00833nam a2200265Ia 4500
003 GCL
008 140319s9999 xx 000 0 ara d
040 _aGCL /
_cGCL
082 0 4 _a614.839
_bم و
100 1 _aمحمد احمد جمعة
245 1 0 _aالوقاية من الاشعاع المؤين للمرضى والاطباء /
_cمحمد احمد جمعة
260 _a[S.N] :
_bدار الراتب الجامعية ،
_c1990
300 _aمتعدد
490 _a
650 0 4 _aالطب
650 0 4 _aالامن الصناعى
650 0 4 _aالاشعاع
650 0 4 _aالاشعة
650 0 4 _aالصحة الوقائية
650 0 4 _aالصحة المهنية
650 0 4 _aالموجات المغناطسية
650 0 4 _aاشاعة جاما
650 0 4 _aاخطار المهنة
942 _2ddc
_cBK
999 _c30322
_d30322